Evaluation of green plants and by-products from the Mekong delta with emphasis on fibre utilisation by pigs: Doctoral thesis

Sparad:
Bibliografiska uppgifter
Huvudupphovsman: Nguyễn Nhựt Xuân Dung
Materialtyp: Bok
Språk:Undetermined
Publicerad: Uppsala, Sweden Swedish Univ. of Agricultural Sciences 2001
Ämnen:
Taggar: Lägg till en tagg
Inga taggar, Lägg till första taggen!
Thư viện lưu trữ: Trung tâm Học liệu Trường Đại học Cần Thơ
LEADER 00627nam a2200181Ia 4500
001 CTU_58499
008 210402s9999 xx 000 0 und d
082 |a 636.0286 
082 |b D513 
100 |a Nguyễn Nhựt Xuân Dung 
245 0 |a Evaluation of green plants and by-products from the Mekong delta with emphasis on fibre utilisation by pigs: Doctoral thesis 
245 0 |c Nguyễn Nhựt Xuân Dung 
260 |a Uppsala, Sweden 
260 |b Swedish Univ. of Agricultural Sciences 
260 |c 2001 
650 |a animal feeding 
904 |i Minh 
980 |a Trung tâm Học liệu Trường Đại học Cần Thơ